Culture Générale - Série 2132 - Statistiques

Statistiques générales
  • Ce quiz a été pris 235 fois
  • Le résultat moyen est 5 sur 10
Statistiques - réponses
Question Réponse % Correct
Quel anglicisme désigne un tueur en série ? serial killer
88%
Quel mot de 3 lettres emploie-t-on populairement pour désigner le travail, le boulot ? taf
87%
De quel pays Kuala Lumpur est-elle la capitale ? Malaisie
81%
Comment appelle-t-on la couleur de cheveux - roux mélangé d'une teinte de blond plus ou moins prononcée - : blond .... vénitien
77%
Dans quel département français se trouve la presqu'île de Crozon ? voir photo Finistère
69%
Quel poisson peut être fario ou arc en ciel ? truite
62%
Dispositif installé sur une voie de circulation pour produire une série de virages artificiels chicane
36%
Quelle est la capitale de l'état des Etats Unis "Ohio" ? Columbus
18%
Quel verbe synonyme de "radouber" signifie "réparer la coque d'un navire" - 7 lettres commençant par " c " ? caréner
17%
Amas de sporanges présents sur les fougères - 4 lettres commençant par " s " sore
8%
Aucun quiz correspondant
Distribution des résultats
% des personnes avec chaque résultat
Percentile par nombre de réponses
Votre historique - résultats
Vous n’avez pas pris ce quiz